[Event "Aurangabad MyBrain op 1st"]
[Site "Aurangabad"]
[Date "2018.04.28"]
[Round "3"]
[White "Sharma, Dinesh Kumar"]
[Black "Bhandarkar, Dinesh"]
[Result "1-0"]
[WhiteElo "2357"]
[BlackElo "1697"]
[PlyCount "73"]
[EventDate "2018.04.28"]
[EventType "swiss (rapid)"]
[EventRounds "9"]
[EventCountry "IND"]
[SourceTitle "CBM 184 Extra"]
[Source "ChessBase"]
[SourceDate "2018.06.28"]
[SourceVersion "1"]
[SourceVersionDate "2018.06.28"]
[SourceQuality "1"]

1. e4 e5 2. Nf3 Nc6 3. Bb5 Nf6 4. d3 d6 5. c3 Bd7 6. 0-0 Be7 7. Re1 0-0 8. Nbd2 a6 9. Ba4 b5 10. Bc2 Re8 11. Nf1 Bf8 12. Ne3 g6 13. h3 Bg7 14. a4 b4 15. a5 bxc3 16. bxc3 Ne7 17. Bb3 h6 18. Nh4 Rb8 19. Ba3 Qc8 20. Rb1 Be6 21. Nc4 Nc6 22. Qc2 Nh5 23. Ba4 Bd7 24. Rxb8 Qxb8 25. Nf3 Nf4 26. h4 Qd8 27. g3 Nh5 28. Ne3 Ne7 29. d4 exd4 30. cxd4 Bxa4 31. Qxa4 Rf8 32. e5 dxe5 33. dxe5 f5 34. exf6 Bxf6 35. Qe4 Kh7 36. Ng4 Re8 37. Qe3 1-0

[Event "FICGS rapid B 000212 email"]
[Site "FICGS email"]
[Date "2013.10.24"]
[Round "1"]
[White "Bhandarkar, Dinesh"]
[Black "Faust, Dieter"]
[Result "0-1"]
[WhiteElo "1707"]
[BlackElo "1779"]
[PlyCount "60"]
[EventDate "2013.??.??"]
[EventType "tourn (rapid)"]
[EventRounds "6"]
[SourceTitle "Corr 2022"]
[Source "ChessBase"]
[SourceDate "2021.10.24"]
[SourceVersion "1"]
[SourceVersionDate "2021.10.24"]
[SourceQuality "1"]

1. e4 c5 2. Nf3 Nc6 3. d4 cxd4 4. Nxd4 e5 5. Nb5 d6 6. c4 Be7 7. N1c3 a6 8. Na3 f5 9. exf5 Bxf5 10. Bd3 Be6 11. Nc2 Nf6 12. 0-0 0-0 13. h3 Rc8 14. Be3 Na5 15. b3 b5 16. Nd5 bxc4 17. Bb6 Qd7 18. Nxe7+ Qxe7 19. Bxa5 cxd3 20. Qxd3 Nd5 21. Ne3 Nf4 22. Qd2 Qg5 23. Kh1 d5 24. f3 d4 25. Ng4 h5 26. Nh2 Qg6 27. Rac1 Rxc1 28. Rxc1 e4 29. fxe4 Bxh3 30. gxh3 Qxe4+ 0-1

[Event "FICGS rapid B 000212 email"]
[Site "FICGS email"]
[Date "2013.10.24"]
[Round "1"]
[White "Gadhesariya, Divyesh"]
[Black "Bhandarkar, Dinesh"]
[Result "0-1"]
[WhiteElo "1703"]
[BlackElo "1707"]
[PlyCount "46"]
[EventDate "2013.??.??"]
[EventType "tourn (rapid)"]
[EventRounds "6"]
[SourceTitle "Corr 2022"]
[Source "ChessBase"]
[SourceDate "2021.10.24"]
[SourceVersion "1"]
[SourceVersionDate "2021.10.24"]
[SourceQuality "1"]

1. d4 Nf6 2. c4 c5 3. Nf3 e6 4. Bg5 Be7 5. Nc3 cxd4 6. Nxd4 Nc6 7. e3 Qa5 8. Bd3 Qxg5 9. 0-0 Nxd4 10. exd4 0-0 11. Ne2 d5 12. Ng3 dxc4 13. Bxc4 b6 14. Qf3 Rb8 15. Qe3 Qxe3 16. fxe3 Bb7 17. b3 Rfd8 18. Rad1 Rbc8 19. Ne2 Ne4 20. Rf4 Bg5 21. g3 Bxf4 22. gxf4 a6 23. Kg2 Nc3+ 0-1

[Event "FICGS no engines 00 email"]
[Site "FICGS email"]
[Date "2013.06.11"]
[Round "1"]
[White "Bhandarkar, Dinesh"]
[Black "Trigance, Emile"]
[Result "1-0"]
[WhiteElo "1707"]
[BlackElo "1600"]
[PlyCount "85"]
[EventDate "2013.??.??"]
[EventType "swiss (corr)"]
[EventRounds "1"]
[SourceTitle "Corr 2022"]
[Source "ChessBase"]
[SourceDate "2021.10.24"]
[SourceVersion "1"]
[SourceVersionDate "2021.10.24"]
[SourceQuality "1"]

1. e4 c5 2. Nf3 Nc6 3. d4 cxd4 4. Nxd4 Nf6 5. Nc3 e5 6. Ndb5 d6 7. Bg5 a6 8. Na3 b5 9. Nd5 Qa5+ 10. Bd2 Qd8 11. Bd3 Nxd5 12. exd5 Ne7 13. c4 g6 14. 0-0 Bg7 15. cxb5 0-0 16. bxa6 Bxa6 17. Bxa6 Rxa6 18. Bg5 h6 19. Bxe7 Qxe7 20. Nc4 f5 21. Qe2 Ra7 22. a4 e4 23. a5 Rc8 24. Rab1 Rb8 25. b4 Bc3 26. Nb6 Bd4 27. Na4 Qd7 28. Qa2 f4 29. Qd2 Be5 30. Nb6 Qg4 31. h3 Qh4 32. Nc4 Re8 33. b5 f3 34. b6 Rf7 35. Nxe5 Rxe5 36. b7 Rg5 37. b8Q+ Kh7 38. Qc8 Rxg2+ 39. Kh1 g5 40. Rb8 Rg7 41. Qf5+ Rg6 42. Rb7+ Kh8 43. Qd4+ 1-0

[Event "FICGS W-ch st1 g16 email"]
[Site "FICGS email"]
[Date "2012.01.01"]
[Round "1"]
[White "Bhandarkar, Dinesh"]
[Black "Mohandoussaid, Malik"]
[Result "1-0"]
[WhiteElo "1654"]
[BlackElo "1583"]
[PlyCount "31"]
[EventDate "2012.??.??"]
[EventType "tourn (corr)"]
[EventRounds "8"]
[SourceTitle "Corr 2022"]
[Source "ChessBase"]
[SourceDate "2021.10.24"]
[SourceVersion "1"]
[SourceVersionDate "2021.10.24"]
[SourceQuality "1"]

1. e4 c5 2. Nf3 Nc6 3. c3 e6 4. d4 cxd4 5. cxd4 d5 6. e5 Bb4+ 7. Nc3 Nge7 8. Bd3 Nf5 9. 0-0 0-0 10. a3 Be7 11. Bc2 Nh4 12. Nxh4 Bxh4 13. Qh5 f5 14. exf6 Bxf6 15. Bxh7+ Kh8 16. Bg6+ 1-0

[Event "FICGS W-ch st1 g16 email"]
[Site "FICGS email"]
[Date "2012.01.01"]
[Round "1"]
[White "Hrubaru, Mircea"]
[Black "Bhandarkar, Dinesh"]
[Result "1-0"]
[WhiteElo "1876"]
[BlackElo "1654"]
[PlyCount "59"]
[EventDate "2012.??.??"]
[EventType "tourn (corr)"]
[EventRounds "8"]
[SourceTitle "Corr 2022"]
[Source "ChessBase"]
[SourceDate "2021.10.24"]
[SourceVersion "1"]
[SourceVersionDate "2021.10.24"]
[SourceQuality "1"]

1. e4 e5 2. Nf3 f5 3. Nxe5 Qf6 4. Nc4 fxe4 5. Nc3 Qg6 6. d3 exd3 7. Bxd3 Qe6+ 8. Be3 Bb4 9. 0-0 Nf6 10. Nb5 Na6 11. a3 Be7 12. Bg5 d5 13. Re1 Qg4 14. Qxg4 Bxg4 15. Bxf6 gxf6 16. Ne3 Bd7 17. Nxd5 0-0-0 18. Nxe7+ Kb8 19. b4 c5 20. Nd6 cxb4 21. Bxa6 bxa6 22. axb4 a5 23. Rxa5 Be8 24. Ra6 Ka8 25. c4 h5 26. Rea1 Rd7 27. Nc6 Rhh7 28. Rb6 Rb7 29. Rxa7+ Rxa7 30. Rb8# 1-0

[Event "FICGS W-ch st1 g05 email"]
[Site "FICGS email"]
[Date "2011.04.01"]
[Round "1"]
[White "Bhandarkar, Dinesh"]
[Black "Pech, Matej"]
[Result "0-1"]
[WhiteElo "1726"]
[BlackElo "1202"]
[PlyCount "36"]
[EventDate "2011.??.??"]
[EventType "tourn (corr)"]
[EventRounds "8"]
[SourceTitle "Corr 2013"]
[Source "ChessBase"]
[SourceDate "2012.11.12"]
[SourceVersion "1"]
[SourceVersionDate "2012.11.12"]
[SourceQuality "1"]

1. e4 c6 2. d4 d5 3. Nc3 dxe4 4. Nxe4 Bf5 5. Ng3 Bg6 6. N1e2 e5 7. dxe5 Qxd1+ 8. Kxd1 Nd7 9. Bf4 0-0-0 10. h4 Nxe5+ 11. Kc1 Ng4 12. Be3 Nxe3 13. fxe3 h5 14. Nf4 Bc5 15. Nd3 Bxe3+ 16. Kb1 Bf4 17. Ne2 Rxd3 18. Nxf4 Rd1# 0-1

[Event "FICGS W-ch st1 g05 email"]
[Site "FICGS email"]
[Date "2011.04.01"]
[Round "1"]
[White "Bhandarkar, Dinesh"]
[Black "Tanda, Giovanni"]
[Result "0-1"]
[WhiteElo "1726"]
[BlackElo "2035"]
[PlyCount "64"]
[EventDate "2011.??.??"]
[EventType "tourn (corr)"]
[EventRounds "8"]
[SourceTitle "Corr 2013"]
[Source "ChessBase"]
[SourceDate "2012.11.12"]
[SourceVersion "1"]
[SourceVersionDate "2012.11.12"]
[SourceQuality "1"]

1. e4 c6 2. d4 d5 3. Nc3 dxe4 4. Nxe4 Nd7 5. Bc4 Ngf6 6. Ng5 e6 7. Qe2 Nb6 8. Bb3 h6 9. N5f3 a5 10. c3 c5 11. dxc5 Bxc5 12. Ne5 0-0 13. Ngf3 Nbd7 14. 0-0 Nxe5 15. Nxe5 b6 16. Rd1 Ba6 17. Qf3 Qe7 18. Be3 Bb7 19. Qg3 Ne4 20. Qh3 Rfd8 21. Ng4 Qc7 22. Bc2 Rxd1+ 23. Rxd1 Rd8 24. Re1 f5 25. Bxe4 Bxe4 26. Bxc5 Qxc5 27. Ne3 Rd2 28. Qg3 Rxb2 29. f3 Qxc3 30. fxe4 f4 31. Qh4 g5 32. Nd1 Qd4+ 0-1

[Event "FICGS no engines 00 email"]
[Site "FICGS email"]
[Date "2010.11.14"]
[Round "1"]
[White "Tanda, Giovanni"]
[Black "Bhandarkar, Dinesh"]
[Result "0-1"]
[WhiteElo "2027"]
[BlackElo "1726"]
[PlyCount "62"]
[EventDate "2010.??.??"]
[EventType "swiss (corr)"]
[EventRounds "1"]
[SourceTitle "Corr 2013"]
[Source "ChessBase"]
[SourceDate "2012.11.12"]
[SourceVersion "1"]
[SourceVersionDate "2012.11.12"]
[SourceQuality "1"]

1. d4 Nf6 2. Nf3 e6 3. Bf4 d5 4. e3 Nbd7 5. Bd3 c5 6. c3 Be7 7. Nbd2 0-0 8. Ne5 Nxe5 9. dxe5 Nd7 10. Qh5 g6 11. Qh6 c4 12. Bc2 f6 13. Nf3 Nxe5 14. Nxe5 fxe5 15. Bxe5 Bf6 16. Bxf6 Qxf6 17. f3 b5 18. 0-0-0 b4 19. cxb4 c3 20. b3 a5 21. b5 Qe7 22. Rd4 Qa3+ 23. Kd1 Ra7 24. Re1 e5 25. Rxd5 Be6 26. e4 Qxa2 27. Qe3 Raa8 28. Qd3 Rac8 29. Ke2 Bxd5 30. exd5 Qa3 31. h4 Qc5 0-1

[Event "FICGS theme 0001 email"]
[Site "FICGS email"]
[Date "2010.09.18"]
[Round "1"]
[White "Hase, Pavel"]
[Black "Bhandarkar, Dinesh"]
[Result "1-0"]
[WhiteElo "2176"]
[BlackElo "1726"]
[PlyCount "105"]
[EventDate "2010.??.??"]
[EventType "swiss (corr)"]
[EventRounds "1"]
[SourceTitle "Corr 2013"]
[Source "ChessBase"]
[SourceDate "2012.11.12"]
[SourceVersion "1"]
[SourceVersionDate "2012.11.12"]
[SourceQuality "1"]

1. f4 d5 2. Nf3 c5 3. c4 d4 4. b4 e6 5. Bb2 Nf6 6. Na3 Be7 7. Nc2 b6 8. g3 Bb7 9. Bg2 0-0 10. bxc5 bxc5 11. Rb1 Qc7 12. 0-0 Nbd7 13. e3 dxe3 14. Nxe3 Rad8 15. d3 Bd6 16. Bc3 Rb8 17. Qe2 Rfd8 18. Rb3 Bc6 19. Rfb1 a6 20. Nd2 Bxg2 21. Qxg2 Rxb3 22. Rxb3 Rb8 23. Qf3 Rxb3 24. Nxb3 Bf8 25. Nd1 e5 26. f5 Nb8 27. Na5 Qd6 28. Nf2 Nfd7 29. Kg2 Qb6 30. Qd5 Qf6 31. g4 h5 32. h3 hxg4 33. hxg4 Be7 34. Nb3 Qc6 35. Ne4 g6 36. Na5 Qb6 37. f6 Bxf6 38. Nd6 Kh8 39. Nxf7+ Kh7 40. Nd6 Bg7 41. Nb3 Qd8 42. Ne4 Qh4 43. g5 Qg4+ 44. Kf2 Qf4+ 45. Ke2 Qh2+ 46. Kd1 Qxa2 47. Nbxc5 Nxc5 48. Qxc5 Nd7 49. Qe7 Qb1+ 50. Ke2 Qc2+ 51. Bd2 Qa4 52. Nf6+ Nxf6 53. gxf6 1-0

[Event "FICGS theme 0001 email"]
[Site "FICGS email"]
[Date "2010.09.18"]
[Round "1"]
[White "Pech, Jaroslav Sr"]
[Black "Bhandarkar, Dinesh"]
[Result "0-1"]
[WhiteElo "1587"]
[BlackElo "1726"]
[PlyCount "32"]
[EventDate "2010.??.??"]
[EventType "swiss (corr)"]
[EventRounds "1"]
[SourceTitle "Corr 2013"]
[Source "ChessBase"]
[SourceDate "2012.11.12"]
[SourceVersion "1"]
[SourceVersionDate "2012.11.12"]
[SourceQuality "1"]

1. e4 e5 2. f4 exf4 3. Nc3 Qh4+ 4. Ke2 d5 5. Nxd5 Bg4+ 6. Nf3 Bd6 7. d4 Nc6 8. Kd3 Qh5 9. c3 Nge7 10. Nxf4 Qb5+ 11. Kc2 Qa4+ 12. b3 Qa5 13. a4 0-0-0 14. h3 Bd7 15. Kb2 Bxf4 16. Bxf4 Ng6 0-1

[Event "LSS BI-2010-P-00030"]
[Site "LSS email"]
[Date "2010.04.19"]
[Round "?"]
[White "Slezak, Robert"]
[Black "Bhandarkar, Dinesh"]
[Result "1-0"]
[WhiteElo "2085"]
[BlackElo "1425"]
[PlyCount "73"]
[EventDate "2010.04.22"]
[EventType "tourn (corr)"]
[EventRounds "10"]
[EventCountry "GER"]
[SourceTitle "Telechess CBM 147"]
[Source "ChessBase"]
[SourceDate "2012.03.16"]
[SourceVersion "1"]
[SourceVersionDate "2012.03.16"]
[SourceQuality "1"]

1. e4 e5 2. Nf3 Nc6 3. Bc4 Bc5 4. 0-0 Nf6 5. d4 Bxd4 6. Nxd4 Nxd4 7. f4 d6 8. fxe5 dxe5 9. Bg5 Qe7 10. Na3 Rg8 11. Kh1 Ne6 12. Be3 Nc5 13. Bxc5 Qxc5 14. Qd3 Qe7 15. Bd5 c6 16. Bb3 Be6 17. Bxe6 Qxe6 18. Rad1 b5 19. Qe3 Nd7 20. c4 b4 21. Nc2 Qxc4 22. Qd2 0-0-0 23. Ne3 Qxe4 24. Nf5 Kc7 25. Nd6 Qd4 26. Qe2 Qxd6 27. Rxd6 Kxd6 28. Rxf7 Nf6 29. Qd3+ Nd5 30. Qxh7 Rde8 31. Rxg7 Rxg7 32. Qxg7 e4 33. Kg1 e3 34. Kf1 c5 35. Qg3+ Kc6 36. Qg6+ Kd7 37. Qf7+ 1-0

[Event "LSS No Engine Cup 14 Preliminary 4"]
[Site "LSS email"]
[Date "2010.01.07"]
[Round "?"]
[White "Chester, Ian"]
[Black "Bhandarkar, Dinesh"]
[Result "0-1"]
[WhiteElo "1225"]
[BlackElo "1405"]
[PlyCount "92"]
[EventDate "2010.01.08"]
[EventType "tourn (corr)"]
[EventRounds "6"]
[EventCountry "GER"]
[SourceTitle "Corr 2013"]
[Source "ChessBase"]
[SourceDate "2012.11.12"]
[SourceVersion "1"]
[SourceVersionDate "2012.11.12"]
[SourceQuality "1"]

1. e4 e5 2. Nf3 f5 3. Nxe5 Qf6 4. d4 d6 5. Nc4 fxe4 6. Nc3 Qg6 7. Bf4 Nf6 8. Ne3 Be7 9. Bc4 c6 10. d5 Nh5 11. Bg3 Nxg3 12. hxg3 Nd7 13. Qe2 Bf6 14. Qd2 Nb6 15. Bb3 Bd7 16. 0-0-0 c5 17. Ne2 Bg5 18. f4 exf3 19. gxf3 c4 20. Nf4 cxb3 21. axb3 Qf7 22. Ne6 Bxe6 23. dxe6 Qxe6 24. f4 Bf6 25. Rhe1 0-0 26. Nc4 Nxc4 27. Rxe6 Nxd2 28. Rxd2 h5 29. Rexd6 h4 30. gxh4 Bxh4 31. Rd7 Bg3 32. Rg2 Bxf4+ 33. Kb1 Rf7 34. Rd1 Raf8 35. c4 g5 36. b4 Rc8 37. b3 Kg7 38. Rd5 Kg6 39. b5 Kh5 40. Ra2 b6 41. Rc2 Kh4 42. b4 g4 43. c5 g3 44. c6 Rg8 45. Rd7 Rxd7 46. cxd7 Rd8 0-1

[Event "FICGS theme 0000 email"]
[Site "FICGS email"]
[Date "2009.11.18"]
[Round "1"]
[White "Hrubaru, Mircea"]
[Black "Bhandarkar, Dinesh"]
[Result "1-0"]
[WhiteElo "1740"]
[BlackElo "1726"]
[PlyCount "105"]
[EventDate "2009.??.??"]
[EventType "swiss (corr)"]
[EventRounds "1"]
[SourceTitle "Corr 2022"]
[Source "ChessBase"]
[SourceDate "2021.10.24"]
[SourceVersion "1"]
[SourceVersionDate "2021.10.24"]
[SourceQuality "1"]

1. d4 Nf6 2. c4 g6 3. Nc3 d5 4. Nf3 Bg7 5. Qb3 dxc4 6. Qxc4 0-0 7. e4 Na6 8. Be2 c5 9. d5 e6 10. Bg5 exd5 11. Nxd5 Qa5+ 12. Bd2 Qd8 13. Nxf6+ Bxf6 14. e5 Bg7 15. Bc3 Be6 16. Qb5 Qe7 17. 0-0 Nc7 18. Qa4 Nd5 19. Bd2 a6 20. Rfe1 b5 21. Qe4 Rad8 22. a4 Bf5 23. Qh4 Qxh4 24. Nxh4 Bxe5 25. Nxf5 gxf5 26. axb5 axb5 27. Bxb5 Bxb2 28. Ra7 Nf6 29. Bh6 Ne4 30. Bxf8 Rxf8 31. Bc6 c4 32. Bxe4 fxe4 33. Rc7 c3 34. Rxe4 Rd8 35. Kf1 Rd1+ 36. Ke2 Rd2+ 37. Ke3 Rd1 38. Rg4+ Kf8 39. Rc8+ Ke7 40. Rh4 Kd7 41. Rcc4 Ke6 42. Rxh7 Re1+ 43. Kf3 Kd5 44. Rc7 c2 45. Rxc2 Be5 46. Rxf7 Ke6 47. Rh7 Ra1 48. g3 Ra3+ 49. Kg2 Bd4 50. Re2+ Kd5 51. Rd7+ Kc4 52. Re4 Rd3 53. Rdxd4+ 1-0

[Event "IECG CP.2009.P.00016 email"]
[Site "IECG email"]
[Date "2009.10.01"]
[Round "?"]
[White "Carroll, Patrick"]
[Black "Bhandarkar, Dinesh"]
[Result "1/2-1/2"]
[WhiteElo "2079"]
[BlackElo "1301"]
[PlyCount "97"]
[EventDate "2009.10.01"]
[EventType "tourn (corr)"]
[EventRounds "6"]
[EventCountry "ARG"]
[SourceTitle "Corr 2024"]
[Source "ChessBase"]
[SourceDate "2023.10.19"]
[SourceVersion "1"]
[SourceVersionDate "2023.10.19"]
[SourceQuality "1"]

1. e4 e5 2. Bc4 Nf6 3. Nc3 Bc5 4. Qf3 Nc6 5. Nge2 0-0 6. 0-0 Na5 7. Bb3 c6 8. d3 Nxb3 9. axb3 d5 10. Bg5 Be6 11. Qg3 Bd6 12. exd5 cxd5 13. f4 Qb6+ 14. Kh1 Nh5 15. Qh4 Nxf4 16. Nxf4 exf4 17. Bxf4 Bxf4 18. Rxf4 Rfe8 19. Qf2 Qxf2 20. Rxf2 a6 21. Kg1 Rac8 22. Ra4 Kf8 23. Rb4 Rc7 24. Re2 Rec8 25. Kf2 b5 26. Ke3 g5 27. h4 h6 28. Re1 Ke7 29. g3 f5 30. Rd4 Rc6 31. Rh1 Kf7 32. Rf1 Rd8 33. Kd2 Rdc8 34. Rc1 Rb8 35. b4 Rf8 36. Re1 Rfc8 37. Re2 Kg6 38. Kc1 Rd8 39. Nd1 Bf7 40. Kd2 Re6 41. Rf2 Re5 42. Ne3 Rde8 43. h5+ Kxh5 44. Nxf5 Kg6 45. Nd6 R8e7 46. Rxf7 Rxf7 47. Nxf7 Kxf7 48. g4 Kg6 49. c4 1/2-1/2

[Event "FICGS theme 0000 email"]
[Site "FICGS email"]
[Date "2009.09.10"]
[Round "1"]
[White "Bhandarkar, Dinesh"]
[Black "Ellis, Maurice"]
[Result "0-1"]
[WhiteElo "1726"]
[BlackElo "1800"]
[PlyCount "48"]
[EventDate "2009.??.??"]
[EventType "swiss (corr)"]
[EventRounds "1"]
[SourceTitle "Corr 2022"]
[Source "ChessBase"]
[SourceDate "2021.10.24"]
[SourceVersion "1"]
[SourceVersionDate "2021.10.24"]
[SourceQuality "1"]

1. d4 Nf6 2. c4 e5 3. dxe5 Ne4 4. Nf3 Bc5 5. e3 Nc6 6. Qd5 Bb4+ 7. Bd2 Nxd2 8. Nbxd2 d6 9. exd6 Be6 10. dxc7 Qxc7 11. Qe4 0-0-0 12. a3 Qa5 13. Rd1 Bxd2+ 14. Nxd2 Rd7 15. Be2 Rhd8 16. Qc2 Ne5 17. 0-0 Rxd2 18. Rxd2 Rxd2 19. Qxh7 Rxe2 20. Qxg7 Rxb2 21. f4 Nxc4 22. f5 Bd5 23. Qh8+ Kc7 24. e4 Bxe4 0-1